| 000 | 01317nam a2200349Mi 4500 | ||
|---|---|---|---|
| 001 | 87248 | ||
| 005 | 20230411090045.0 | ||
| 008 | 020215s1999 maua p 001 0 eng d | ||
| 035 | _a(OCoLC)ocn441125007 | ||
| 040 |
_aSILIS _eppiak _bslv _cSILIS |
||
| 020 | _a0395927587 | ||
| 020 | _a9780395927588 | ||
| 020 | _a0618022546 (CD-ROM) | ||
| 020 | _a9780618022540 (CD-ROM) | ||
| 035 | _a(OCoLC)441125007 | ||
| 044 |
_axxu _cusa |
||
| 080 | _a657 | ||
| 082 | 0 |
_a657 _221 |
|
| 049 | _aGRAL | ||
| 245 | 1 | 0 |
_aPrinciples of accounting / _cBelverd E. Needles jr. ... [et al.]. |
| 250 | _a7th ed. | ||
| 260 |
_aBoston : _bHoughton Mifflin, _ccop. 1999. |
||
| 300 |
_aXLVI, 1229 str. : _bilustr. ; _c29 cm + _eNeedles accounting series user guide (7 str.) |
||
| 504 | _aKazali. | ||
| 650 | 0 | 0 | _aAccounting. |
| 653 | 0 |
_araécunovodstvo _ainformcijski sistemi _ainformacije _azakljuécni raécuni _amodeli _anotranja kontrola _apartnerstvo _akorporacije _aporoécila _avodstveno raécunovodstvo _acontrolling _aodloécanje _aanaliza |
|
| 653 | 0 |
_aaccounting _ainformation _afinancial statements _amodels _ainternal control _apartnership _acorporations _areports _amanagement accounting _acontrolling _adecision making _aanalysis |
|
| 700 | 1 | 2 |
_aNeedles, Belverd E. _4aut |
| 942 |
_2lcc _cbk |
||
| 946 | _aAFJ | ||
| 994 |
_aC0 _bDRFGD |
||
| 999 |
_c111722 _d111722 |
||